Marxism recycled

Αποθηκεύτηκε σε:
Λεπτομέρειες βιβλιογραφικής εγγραφής
Κύριος συγγραφέας: Van Parijs, Philippe
Μορφή: Βιβλίο
Γλώσσα:English
Δημοσίευση: Cambridge : Paris : Cambridge University Press, 1993
Σειρά:Studies in Marxism and social theory
Θέματα:
Ετικέτες: Προσθήκη ετικέτας
Δεν υπάρχουν, Καταχωρήστε ετικέτα πρώτοι!

MARC

LEADER 00000nam a2200000 i 4500
001 1/3230
008 960312s1993 eng d
020 |a 0-521-41802-X 
035 |l 10015145 
040 |a GR-MY-UA  |b gre  |e aacr 
041 0 |a eng 
082 0 |a 335.4 
100 1 |a Van Parijs, Philippe. 
245 1 0 |a Marxism recycled /  |c Philippe Van Parijs 
260 |a Cambridge :   |a Paris :   |b Cambridge University Press,   |c 1993 
300 |a 246 p. 
490 1 |a Studies in Marxism and social theory 
504 |a Includes index 
650 0 0 |a Communism. 
650 0 0 |a Historical materialism. 
650 0 0 |a Capitalism. 
830 0 |a Studies in Marxism and social theory 
852 |a INST  |b LESVOS  |e 19960312  |h 335.4 VAN  |p 005100006861  |q 005100006861  |t BK  |y 0 
909 |a Λ  |b 044003